<?xml version="1.0" encoding="UTF-8"?>
<marc:record xmlns:marc="http://www.loc.gov/MARC21/slim">
   <marc:leader>00000nam a2200000 a 4500</marc:leader>
   <marc:datafield ind1="1" ind2=" " tag="100">
      <marc:subfield code="a">Kasten, Mona</marc:subfield>
      <marc:subfield code="4">aut</marc:subfield>
      <marc:subfield code="e">Verfasser/-in</marc:subfield>
   </marc:datafield>
   <marc:datafield ind1=" " ind2=" " tag="653">
      <marc:subfield code="a">Fiktionale Darstellung</marc:subfield>
   </marc:datafield>
   <marc:datafield ind1=" " ind2=" " tag="653">
      <marc:subfield code="a">Erzählende Literatur: Gegenwartsliteratur ab 1945</marc:subfield>
   </marc:datafield>
   <marc:datafield ind1="0" ind2="0" tag="245">
      <marc:subfield code="a">Save us</marc:subfield>
   </marc:datafield>
   <marc:datafield ind1="0" ind2="0" tag="245">
      <marc:subfield code="b">Roman</marc:subfield>
   </marc:datafield>
   <marc:datafield ind1="0" ind2="0" tag="245">
      <marc:subfield code="c">Kasten, Mona</marc:subfield>
   </marc:datafield>
   <marc:datafield ind1=" " ind2="1" tag="264">
      <marc:subfield code="a">Köln</marc:subfield>
      <marc:subfield code="b">LYX</marc:subfield>
   </marc:datafield>
   <marc:datafield ind1="1" ind2=" " tag="490">
      <marc:subfield code="a">Die Maxton-Hall-Trilogie / Mona Kasten</marc:subfield>
      <marc:subfield code="v">3</marc:subfield>
   </marc:datafield>
   <marc:datafield ind1=" " ind2=" " tag="250">
      <marc:subfield code="a">Originalausgabe, [2. Auflage]</marc:subfield>
   </marc:datafield>
   <marc:datafield ind1="1" ind2=" " tag="520">
      <marc:subfield code="a">Können sie sich retten? Oder werden sie sich gegenseitig zerstören? &#xD;
&#xD;
&#xD;
&#xD;
Ruby steht unter Schock: Sie wurde vom Maxton-Hall-College suspendiert. Und das Schlimmste: Alles deutet darauf hin, dass niemand anders als James dafür verantwortlich ist. Ruby kann es nicht glauben - nicht nach allem, was sie gemeinsam durchgestanden haben. Sie dachte, dass sie den wahren James kennengelernt hat: den, der Träume hat, den, der sie zum Lachen bringt und ihr Herz mit einem einzigen Blick schneller schlagen lässt. Doch während Ruby dafür kämpft, trotz allem ihren Abschluss machen zu können, droht James einmal mehr unter den Verpflichtungen gegenüber seiner Familie zu zerbrechen. Und die beiden müssen sich fragen, ob die Welten, in denen sie leben, nicht vielleicht doch zu verschieden sind ...&#xD;
&#xD;
"Save Me hat all das, was ich an Büchern liebe, und noch viel mehr." Sarah-liest&#xD;
&#xD;
"Gefühlvoll, mitreißend, voller Liebe." Nichtohnebuch&#xD;
&#xD;
&#xD;
Das große Finale der mitreißenden Liebesgeschichte von Ruby und James!</marc:subfield>
   </marc:datafield>
   <marc:datafield ind1=" " ind2=" " tag="020">
      <marc:subfield code="a">9783736306714</marc:subfield>
      <marc:subfield code="9">9783736306714</marc:subfield>
   </marc:datafield>
   <marc:datafield ind1=" " ind2=" " tag="020">
      <marc:subfield code="a">3736306717</marc:subfield>
      <marc:subfield code="9">3736306717</marc:subfield>
   </marc:datafield>
   <marc:datafield ind1=" " ind2=" " tag="041">
      <marc:subfield code="a">ger</marc:subfield>
   </marc:datafield>
   <marc:datafield ind1="0" ind2=" " tag="490">
      <marc:subfield code="v">3</marc:subfield>
   </marc:datafield>
   <marc:datafield ind1=" " ind2=" " tag="338">
      <marc:subfield code="a">Band</marc:subfield>
   </marc:datafield>
   <marc:datafield ind1=" " ind2=" " tag="300">
      <marc:subfield code="a">375 Seiten</marc:subfield>
   </marc:datafield>
</marc:record>
